000 00696nam a2200241 i 4500
001 C2-0311355
003 PPAK
005 20180728103036.0
008 110719s2010 my a|||| ||||| | may d
020 _a9789834605582
040 _aPPAK
_beng
_cPPAK
_erda
082 0 4 _a899.233
_223
090 0 0 _a899.233
_bAIN
_dK
100 0 _aAina Syafiqah Abdullah,
_eauthor
245 1 0 _aTuk pelanduk dengan gergasi
264 1 _aKuala Lumpur :
_bDewan Bahasa dan Pustaka ,
_c2010
300 _a32 pages :
_bcolour illustrations ;
_c25 cm
336 _2rdacontent
_atext
337 _2rdamedia
_aunmediated
338 _2rdacarrier
_avolume
650 1 0 _aChildren's stories, Malay.
942 _ddc
_cB
999 _c113611
_d113611